000 00722nam a2200289Ia 4500
005 20260324121030.0
008 008 260324s9999 xx 000 0 eng d
020 _a9781315769912
037 _aEBOOK
040 _aCRL
040 _beng
040 _cCRL
041 _2eng
041 _aeng
084 _qCRL
100 _aMichael-John DePalma; Jeffrey M. Ringer
_91160924
245 0 _aMapping Christian Rhetorics
245 0 _bConnecting Conversations, Charting New Territories
260 _bTaylor and Francis
260 _c2014
365 _a
365 _b240
856 _uhttp://www.taylorfrancis.com/books/9781315769912
942 _cEBOOK
999 _c1752772
_d1752772